Władcy Polski - Statystyki

Ogólne statystyki
  • Ten quiz został rozwiązany 41 razy
    29 od ostatniego zresetowania
  • Średni wynik to 8 z 30
Statystyki odpowiedzi
Władcy Elekcyjni % Poprawnych
2015-obecnie Prezydent Andrzej Duda
85%
1990-1995 Prezydent Lech Wałęsa
73%
2010-2015 Prezydent Bronisław Komorowski
69%
2005-2010 Prezydent Lech Kaczyński
69%
1995-2005 Prezydent Aleksander Kwaśniewski
62%
1764–1795 Król Stanisław August Poniatowski
54%
1985-1989 Przewodniczący Rady Państwa Wojciech Jaruzelski
50%
1989-1990 Prezydent Wojciech Jaruzelski
50%
1918–1922 Naczelnik Państwa Józef Piłsudski
46%
1922 Prezydent Gabriel Narutowicz
42%
1575–1586 Królowa Anna Jagiellonka
27%
1587–1632 Król Zygmunt III Waza
27%
1674–1696 Król Jan III Sobieski
23%
1947-1952 Prezydent Bolesław Bierut
15%
1926-1939 Prezydent Ignacy Mościcki
15%
1669–1673 Król Michał Korybut Wiśniowiecki
12%
1576–1586 Król Stefan I Batory
12%
1733–1763 Król August III Sas
8%
1697–1704, 1709–1733 Król August II Mocny
8%
1573–1575 Król Henryk I Walezy
8%
1970-1972 Przewodniczący Rady Państwa Józef Cyrankiewicz
8%
1922-1926 Prezydent Stanisław Wojciechowski
8%
1952-1964 Przewodniczący Rady Państwa Aleksander Zawadzki
4%
1964-1968 Przewodniczący Rady Państwa Edward Ochab
4%
1807–1815 Książę Fryderyk I August
4%
1972-1985 Przewodniczący Rady Państwa Henryk Jabłoński
4%
1648–1668 Król Jan II Kazimierz
4%
1968-1970 Przewodniczący Rady Państwa Marian Spychalski
4%
1704–1709, 1733–1736 Król Stanisław I Leszczyński
4%
1632–1648 Król Władysław IV Waza
4%
Nie znaleziono quizów pasujących do podanych kryteriów
Rozkład punktacji
Procent ludzi z każdym wynikiem
Percentyl według liczby udzielonych odpowiedzi
Twoja historia wyników
Nie rozwiązałeś tego quizu od ostatniego zresetowania